[Event "Hallstahammar op"]
[Site "Hallstahammar"]
[Date "2001.09.09"]
[Round "6"]
[White "Wiberg, Rickard"]
[Black "Sesone, Stefan"]
[Result "1-0"]
[WhiteElo "1776"]
[BlackElo "1522"]
[PlyCount "45"]
[EventDate "2001.??.??"]
[EventType "swiss"]
[EventRounds "7"]
[EventCountry "SWE"]
[SourceTitle "EXT 2006"]
[Source "ChessBase"]
[SourceDate "2005.11.24"]
[SourceVersion "1"]
[SourceVersionDate "2005.11.24"]
[SourceQuality "1"]

1. e4 c5 2. d4 cxd4 3. c3 dxc3 4. Nxc3 e6 5. Bc4 b6 6. Bf4 a6 7. Nf3 Nc6 8. Qe2 b5 9. Bb3 Bc5 10. 0-0 d6 11. Rfd1 Qe7 12. h3 e5 13. Bg5 f6 14. Nd5 Qd7 15. Be3 Bxe3 16. Qxe3 Qa7 17. Nb6 Rb8 18. Nxc8 Qxe3 19. Nxd6+ Ke7 20. Nf5+ Kf8 21. Nxe3 Nge7 22. Nd5 Nxd5 23. exd5 1-0